Environmentální dohody a jejich možné posuzovaní dle soutěžního práva

Posúdenie a zhodnotenie prístupu Európskej komisie k zakázaným (protisúťažným) dohodám pri ochrane životného prostredia (tzv. environmentálne dohody). Legislatíva v oblasti hospodárskej súťaže vs. legislatíva v oblasti životného prostredia. Obecná úprava výnimiek v súťažnom práve. Ochrana životného...

Celý popis

Uložené v:
Podrobná bibliografia
Hlavný autor: Vodička, Jiří
Médium: Kapitola
Jazyk:Czech
Predmet:
Tagy: Pridať tag
Žiadne tagy, Buďte prvý, kto otaguje tento záznam!

MARC

LEADER 00000naa a2200000 4500
001 0246618
005 20180727091203.8
041 0 |a cze 
044 |a CZ 
245 1 0 |a Environmentální dohody a jejich možné posuzovaní dle soutěžního práva  |c Jiří Vodička 
520 |a Posúdenie a zhodnotenie prístupu Európskej komisie k zakázaným (protisúťažným) dohodám pri ochrane životného prostredia (tzv. environmentálne dohody). Legislatíva v oblasti hospodárskej súťaže vs. legislatíva v oblasti životného prostredia. Obecná úprava výnimiek v súťažnom práve. Ochrana životného prostredia a možný prejav jednotlivých kritérií v praxi. Príklady z praxe, kde by sa mohli environmentálne dohody uplatniť. 
610 2 0 |a súťaž hospodárska 
610 2 0 |a prostredie životné 
610 2 0 |a právo súťažné 
610 2 0 |a legislatíva 
610 2 0 |a Európska komisia 
100 1 |a Vodička, Jiří